00564nam a2200181 a 450000500170000000800410001702000150005805000250007310000180009824501090011626000330022530000340025850000190029252100080031165000280031965000130034765000220036020140310183357.0120927s19uu xx 00 eng d a0600610896 aRA 781.7b.L222 2005 aLambert, Mary aNatural highs for body and soul :b70 instant energizers to banish everyday energy lows /cMary Lambert. aLondon, UK :bHamlyn,c2005. a144 p. :bcol. ill. ;c21 cm. aIncludes index aNUR aMind and body therapies aVitality aSelf-care, Health